000
00267nam a22001217a 4500
008
180109b xxu||||| |||| 00| 0 eng d
041
_a
eng
080
_a
616.8
100
_a
7
101
_a
NEU
245
_a
HANDBOOK NEUROPSYCHOLOGY
_c
HENDLER.J.A
942
_2
udc
_c
BK
999
_c
39856
_d
39856